El apostolado de la mujer : (Record no. 167182)
[ view plain ]
| 000 -LEADER | |
|---|---|
| campo de control de longitud fija | 00958nam a2200217 i 4500 |
| 001 - NÚMERO DE CONTROL | |
| campo de control | 167182 |
| 003 - IDENTIFICADOR DE NÚMERO DE CONTROL | |
| campo de control | ES-MaACL |
| 005 - FECHA Y HORA DE LA ÚLTIMA TRANSACCIÓN | |
| campo de control | 20250807211449.0 |
| 008 - DATOS DE LONGITUD FIJA--INFORMACIÓN GENERAL | |
| campo de control de longitud fija | 030613s1879 sp |||| | spa d |
| 100 1# - ENTRADA PRINCIPAL--NOMBRE DE PERSONA | |
| Nombre de persona | Ventura, Gioacchino, |
| Fechas asociadas al nombre | 1792-1861 |
| Término indicativo de función/relación | Autor |
| 9 (RLIN) | 133616 |
| 245 13 - MENCIÓN DEL TÍTULO | |
| Título | El apostolado de la mujer : |
| Resto del título | desde el origen del cristianismo hasta nuestros días / |
| Mención de responsabilidad, etc. | por Ventura Raulica. |
| 260 ## - PUBLICACIÓN, DISTRIBUCIÓN, ETC. | |
| Lugar de publicación, distribución, etc. | Madrid ; |
| -- | Barcelona : |
| Nombre del editor, distribuidor, etc. | Emilio Oliver y Cª, |
| Fecha de publicación, distribución, etc. | 1879 |
| Lugar de fabricación/manufactura | (Barcelona : |
| Fabricante | Tip. de la Academia) |
| 300 ## - DESCRIPCIÓN FÍSICA | |
| Extensión | 1 volumen (352 páginas) ; |
| Dimensiones | 16 cm. |
| 594 ## - Nota al título y mención de responsabilidad | |
| Nota al título y mención de responsabilidad | Precede al tít.: "Biblioteca de la Academia. Regalo a los suscriptores" |
| 650 #7 - PUNTO DE ACCESO ADICIONAL DE MATERIA--TÉRMINO DE MATERIA | |
| Término de materia o nombre geográfico como elemento de entrada | Mujeres en la Iglesia Católica |
| Fuente del encabezamiento o término | embne |
| 9 (RLIN) | 155915 |
| 650 #4 - PUNTO DE ACCESO ADICIONAL DE MATERIA--TÉRMINO DE MATERIA | |
| Término de materia o nombre geográfico como elemento de entrada | Apostolado seglar |
| 9 (RLIN) | 9923 |
| 852 ## - LOCALIZACIÓN | |
| Ubicación | ES-MaACL |
| Ubicación en estantería | Depósito folletos |
| Marcas de propiedad | Ex-libris ms. de Antonio Escobar Laredo |
| Donativo/Legado | Donativo de Antonio Escobar Laredo |
| Número de control de estantería | T-711-F-2 |
| Encuadernación | Holandesa |
| 942 ## - ELEMENTOS DE ENTRADA SECUNDARIOS (KOHA) | |
| Fuente del sistema de clasificación o colocación | Clasificación decimal universal |
| Tipo de ítem Koha | Folleto |
| Suprimir en OPAC | No |
| Estatus retirado | Estado de pérdida | Fuente del sistema de clasificación o colocación | Estado de daño | No para préstamo | Colección | Biblioteca de origen | Biblioteca actual | Ubicación en estantería | Fecha de adquisición | Fuente de adquisición | Total de préstamos | Signatura topográfica completa | Código de barras | Visto por última vez | Tipo de ítem Koha |
|---|---|---|---|---|---|---|---|---|---|---|---|---|---|---|---|
| Clasificación decimal universal | Colección de folletos | Biblioteca del Ateneo de Madrid | Biblioteca del Ateneo de Madrid | Depósito folletos | 17/01/2008 | Donación | T-711-F-2 | 1175373 | 23/02/2023 | Folleto |
